• 首页
  • 本馆介绍
  • 公告通知
  • 最新文献
  • 馆藏检索
  • 电子资源
  • 读者导购
  • 参考咨询
  • 我的图书馆
  • 登录
  • 详细信息显示
  • 放入我的书架
  • 预约/预借图书
  • 作者相关作品
  • 分类相关作品
  • 丛书相关作品
  • 出版社相关作品

书目信息

  • 表格格式
  • 工作单格式
  • 卡片格式
题名:
《最高人民法院、最高人民检察院关于办理走私刑事案件适用法律若干问题的解释》理解与适用
    
 
作者: 南英 主编 ;最高人民法院 编著
分册:  
出版信息: 北京   中国法制出版社  2015
页数: 542页
开本: 25cm
丛书名:
单 册:
中图分类: D924.335
科图分类:
主题词: 走私罪--zou si zui--法律解释--中国
电子资源:
ISBN: 978-7-5093-5743-9
000 01144nam0 22002411 450
001 1730346900
005 20170525101549.0
010    @a978-7-5093-5743-9@dCNY98.00
100    @a20150316d2015 em y0chiy50 ea
101 0  @achi
102    @aCN@b110000
105    @ay zn 000yy
106    @ar
200 1  @a《最高人民法院、最高人民检察院关于办理走私刑事案件适用法律若干问题的解释》理解与适用@Azui gao ren min fa yuan zui gao ren min jian cha yuan guan yu ban li zou si xing shi an jian shi yong fa lv ruo gan wen ti de jie shi li jie yu shi yong@f南英主编@g最高人民法院刑事审判第二庭编著
210    @a北京@c中国法制出版社@d2015
215    @a542页@d25cm
330    @a本书对司法当中存在的新老问题进行了全面梳理回应,对此前的司法解释文件进行了系统的编纂整合。内容包括:走私武器、弹药罪的定罪处罚;走私假币罪的定罪处罚、走私文物罪的定罪处罚、走私淫秽物品罪的定罪处罚等等。
606 0  @a走私罪@Azou si zui@x法律解释@y中国
690    @aD924.335@v5
701  0 @a南英@Anan ying@f(1954~)@4主编
712 02 @a最高人民法院@Azui gao ren min fa yuan@b刑事审判第二庭@4编著
801  0 @aCN@bTANG WEI@c20170524
905    @b0969905-8@dD924.335@e731@f4
    
    《最高人民法院、最高人民检察院关于办理走私刑事案件适用法律若干问题的解释》理解与适用/南英主编/最高人民法院刑事审判第二庭编著 .-北京:中国法制出版社,2015
    542页;25cm
    
    
    ISBN 978-7-5093-5743-9:CNY98.00
    本书对司法当中存在的新老问题进行了全面梳理回应,对此前的司法解释文件进行了系统的编纂整合。内容包括:走私武器、弹药罪的定罪处罚;走私假币罪的定罪处罚、走私文物罪的定罪处罚、走私淫秽物品罪的定罪处罚等等。
●
相关链接 在E读中查询图书 在五车中查询图书 在当当中查询图书 在豆瓣中查询图书


正题名:《最高人民法院、最高人民检察院关于办理走私刑事案件适用法律若干问题的解释》理解与适用     索取号:D924.335/731         预约/预借

序号 登录号 条形码 馆藏地/架位号 状态 备注
1 0969905   209699058   第一样本阅览室/ [索取号:D924.335/731] 在馆    
2 0969906   209699067   第一借阅区/ [索取号:D924.335/731] 在馆    
3 0969907   209699076   密集书库-史法系/ [索取号:D924.335/731] 在馆    
4 0969908   209699085   第一借阅区/ [索取号:D924.335/731] 在馆    
唐山师范学院图书馆 欢迎您!
大连网信软件有限公司© 版权所有